Geography Quiz

Random Geography or State Quiz

U.S. State Nicknames Map Quiz Stats

 Plays Quiz not verified by Sporcle

Challenge
Share
Tweet
Score 0/50 Timer 15:00
0 Plays Today
% Correct
???
54.1%
???
53.5%
???
53.1%
???
51.8%
???
51.7%
???
51.5%
???
51.3%
???
51.1%
???
50.8%
???
50.7%
???
50.6%
???
50.2%
???
49.8%
???
49.7%
???
49.7%
???
49.4%
???
49.3%
???
49.3%
???
47.9%
???
47.1%
???
46.5%
???
45.6%
???
45.5%
???
45.5%
???
45.5%
% Correct
???
45.4%
???
45.2%
???
45.1%
???
45.1%
???
44.7%
???
44.6%
???
44.3%
???
43.9%
???
43.8%
???
43.3%
???
42.9%
???
42.6%
???
42%
???
41.7%
???
41.7%
???
41.7%
???
41.7%
???
41.6%
???
41.4%
???
41.4%
???
40.8%
???
39.9%
???
39.2%
???
37%
???
36.9%

You're not logged in!

Compare scores with friends on all Sporcle quizzes.
Join for Free
OR
Log In

You Might Also Like...

Show Comments

Extras

Created Jan 26, 2016ReportNominate
Tags:State Quiz, map, nickname

Top Quizzes Today


Score Distribution

Your Account Isn't Verified!

In order to create a playlist on Sporcle, you need to verify the email address you used during registration. Go to your Sporcle Settings to finish the process.

Report this User

Report this user for behavior that violates our Community Guidelines.

Details: